| 000 | 00967cab a2200253 4500 | ||
|---|---|---|---|
| 001 | WB2929-40 | ||
| 008 | 090401t1993 xxu||||| |||| 00| 0 eng d | ||
| 035 | _a(Sirsi) u38773 | ||
| 041 | _aeng | ||
| 245 | _aNo rights over towpath | ||
| 260 | _c1993 | ||
| 350 | _a0 | ||
| 490 |
_aTimes _v29 July 1993, 32(1) |
||
| 520 | _a"Sussex Investments Ltd and another v Jackson and another" CA 29 July 1993, held that where plaintiff`s registered title extended to the river and included the bank from the towpath down to the water`s edge, the owners of houseboats moored to the bank by the plaintiff`s land were not entitled to maintain rope moorings and gangplanks in exercise of any rights over the towpath. | ||
| 650 | _aHOUSEBOATS | ||
| 650 | _aMOORING RIGHTS | ||
| 650 | _aRIGHTS OF TOWAGE | ||
| 650 | _aRIGHTS OF WAY | ||
| 650 | _aRIVER THAMES | ||
| 650 | _aTOWPATH | ||
| 690 | _aPROPERTY LAW AND PRACTICE-CASE LAW | ||
| 942 | _n0 | ||
| 948 | _c04/03/1997 | ||
| 999 |
_c24894 _d24894 |
||